000 00391nam a2200145Ia 4500
008 151213s9999 xx 000 0 und d
100 _aPeter . F. Drucker
245 _aPost Capitalist Society
_cPeter . F. Drucker
260 _aNew York
_bHerper Buseness
_c1994
300 _a3025 p.
650 _aSocial Science
650 _aSocial Science
700 _aPeter . F. Drucker
999 _c2112
_d2112